Central Library OPAC University of Rajshahi

Historical linguistics : (Record no. 6813)

MARC details
000 -LEADER
fixed length control field 00815nam a2200253 a 4500
001 - CONTROL NUMBER
control field 6813
003 - CONTROL NUMBER IDENTIFIER
rucl marc code BD-RjUL
005 - DATE AND TIME OF LATEST TRANSACTION
control field 20211208234323.0
008 - FIXED-LENGTH DATA ELEMENTS--GENERAL INFORMATION
fixed length control field 140112s1966 nyuab 00| 0 eng d
035 ## - SYSTEM CONTROL NUMBER
System control number 62-12987
System control number (BD-RjUL)6855
040 ## - CATALOGING SOURCE
Original cataloging agency DLC
Transcribing agency DLC
Modifying agency BD-RjUL
Language of cataloging eng
041 ## - LANGUAGE CODE
Language code of text/sound track or separate title eng
082 ## - DEWEY DECIMAL CLASSIFICATION NUMBER
Classification number 417.7
Author mark and year LEH 1966
Edition number 23
099 ## - LOCAL FREE-TEXT CALL NUMBER (OCLC)
Bangla Class number *ML A.6H - A - G2
Feature heading : Historical linguistics
100 1# - MAIN ENTRY--PERSONAL NAME
Personal name Lehmann, Winfred P.
Fuller form of name (Winfred Philipp),
Dates associated with a name 1916-2007
9 (RLIN) 21406
245 10 - TITLE STATEMENT
Title Historical linguistics :
Remainder of title an introduction /
Statement of responsibility, etc. Winfred P. Lehmann.
260 ## - PUBLICATION, DISTRIBUTION, ETC. (IMPRINT)
Place of publication, distribution, etc. New York ;
Name of publisher, distributor, etc. London :
-- Holt, Rinehart & Winston,
Date of publication, distribution, etc. 1966
300 ## - PHYSICAL DESCRIPTION
Pagination xiii, 297 p. :
Illustrations ill. ;
Size 22 cm.
504 ## - BIBLIOGRAPHY, ETC. NOTE
Bibliography, etc Includes bibliographical references and index.
650 #0 - SUBJECT ADDED ENTRY--TOPICAL TERM
Topical term or geographic name as entry element Historical linguistics.
9 (RLIN) 21407
942 ## - ADDED ENTRY ELEMENTS (KOHA)
Source of classification or shelving scheme Dewey Decimal Classification
Koha item type Books
Holdings
Lost status Source of classification or shelving scheme Damaged status Not for loan Collection code Permanent Location Current Location Date acquired Source of acquisition Cost, normal purchase price Total Checkouts Full call number Date last seen Copy number Koha item type Shelving location
  Dewey Decimal Classification     Non-fiction Central Library, University of Rajshahi Central Library, University of Rajshahi 12/12/1967 Zeitlinger 56.00   417.7 LEH 1966 12/01/2014 C-2 Books  
  Dewey Decimal Classification     Non-fiction Central Library, University of Rajshahi Central Library, University of Rajshahi 21/09/1970 Zeitlinger 70.00   417.7 LEH 1962 04/10/2016 C-3 Books